Využitie výnosových metód pri stanovení hodnoty pohľadávok
Ohodnocovanie majetku ako dôležitá súčasť znaleckej činnosti. Pohľadávky - významná súčasť obežného majetku. Stanovenie hodnoty pohľadávok podľa legislatívy. Metódy využívané na stanovenie hodnoty pohľadávok. Využitie výnosových metód na stanovenie hodnoty pohľadávok. Využitie metódy EVA.
Saved in:
| Main Author: | |
|---|---|
| Format: | Book Chapter |
| Language: | Slovak |
| Subjects: | |
| Tags: |
No Tags, Be the first to tag this record!
|
MARC
| LEADER | 00000naa$a2200000$$$4500 | ||
|---|---|---|---|
| 001 | 0050324 | ||
| 005 | 20240502083131.9 | ||
| 041 | 0 | |a slo | |
| 044 | |a CZ | ||
| 245 | 1 | 0 | |a Využitie výnosových metód pri stanovení hodnoty pohľadávok |c Anna Harumová |
| 520 | |a Ohodnocovanie majetku ako dôležitá súčasť znaleckej činnosti. Pohľadávky - významná súčasť obežného majetku. Stanovenie hodnoty pohľadávok podľa legislatívy. Metódy využívané na stanovenie hodnoty pohľadávok. Využitie výnosových metód na stanovenie hodnoty pohľadávok. Využitie metódy EVA. | ||
| 610 | 2 | 0 | |a účtovníctvo |
| 610 | 2 | 0 | |a pohľadávky |
| 610 | 2 | 0 | |a hodnota |
| 610 | 2 | 0 | |a hodnota pridaná ekonomická |
| 610 | 2 | 0 | |a hodnota podniku |
| 610 | 2 | 0 | |a náklady |
| 610 | 2 | 0 | |a metódy účtovné |
| 610 | 2 | 0 | |a bonita |
| 610 | 2 | 0 | |a majetok |
| 610 | 2 | 0 | |a oceňovanie |
| 100 | 1 | |a Harumová, Anna, 1955- | |